Educación para todos: evaluación de una década. Necesidades básicas en Brasil (Record no. 639370)
[ view plain ]
| 000 -CABECERA | |
|---|---|
| Campo de control de longitud fija | 00544nab a2200157Ia 4500 |
| 003 - IDENTIFICADOR DEL NÚMERO DE CONTROL | |
| Campo de control | ES-SlBCS |
| 005 - FECHA Y HORA DE LA ÚLTIMA TRANSACCIÓN | |
| Campo de control | 20210601140112.0 |
| 008 - CÓDIGOS DE INFORMACIÓN DE LONGITUD FIJA | |
| Campo de control de longitud fija | 140529s2001 xxu||||| |||| 00| 0 spa d |
| 041 ## - CÓDIGO DE LENGUA | |
| Código de lengua del texto/banda sonora o título independiente | spa |
| 100 1# - PUNTO DE ACCESO PRINCIPAL-NOMBRE DE PERSONA | |
| Nombre de persona | Haddad, Sergio |
| 9 (RLIN) | 240670 |
| 245 00 - MENCIÓN DE TÍTULO | |
| Título | Educación para todos: evaluación de una década. Necesidades básicas en Brasil |
| Mención de responsabilidad, etc. | Sergio Haddad, María Clara Di Pierro |
| 650 04 - PUNTO DE ACCESO ADICIONAL DE MATERIA-TÉRMINO DE MATERIA | |
| Término de materia o nombre geográfico como elemento inicial | Educación-Brasil |
| 9 (RLIN) | 209067 |
| 700 1# - PUNTO DE ACCESO ADICIONAL-NOMBRE DE PERSONA | |
| Nombre de persona | Di Pierro, María Clara |
| 9 (RLIN) | 240671 |
| 773 0# - ENLACE AL DOCUMENTO FUENTE | |
| Título | Cuadernos de Pedagogia |
| Parte(s) relacionada(s) | nº. 308, 2001, págs. 46-51 |
| Número de control del registro relacionado | Rev1128 |
| 942 ## - ENTRADA DE ELEMENTOS AGREGADOS (KOHA) | |
| Koha [por defecto] tipo de item | Artículos de revista |
| Suprimido | Perdido | Estropeado | No para préstamo | Localización permanente | Localización actual | Localización en estantería | Fecha adquisición | Préstamos totales | Fecha última consulta | Fecha del precio de reemplazo | Tipo de item de Koha |
|---|---|---|---|---|---|---|---|---|---|---|---|
| San Esteban | San Esteban | Depósito de revistas | 11/07/2014 | 11/07/2014 | 11/07/2014 | Artículos de revista |
